000 00528nam a2200157Ia 4500
008 140925s9999 xx 000 0 und d
245 _aBaltic journal of health and physical activity /
_h[electronic resource]
260 _bWalter de Gruyter GmbH,
_cc2014.
516 _aElectronic text
650 _aHealth.
650 _aJournal.
650 _aSports and Recreation.
830 _aWalter de Gruyter GmbH
856 _uhttp://www.degruyter.com/view/j/bjha.2013.5.issue-4/issue-files/bjha.2013.5.issue-4.xml
942 _cEJ
999 _c275850
_d275850